| 000 | 01899cam a2200445 a 4500 | ||
|---|---|---|---|
| 999 |
_c3704 _d3704 |
||
| 001 | 249887 | ||
| 003 | Nust | ||
| 005 | 20180117090011.0 | ||
| 008 | 990708s1998 enka b 000 0 eng d | ||
| 010 | _a 99224431 | ||
| 015 | _aGB99-05009 | ||
| 020 | _a1853394521 | ||
| 035 | _a(DLC) 99224431 | ||
| 035 | _a(OCoLC)40683946 | ||
| 040 |
_aUKM _cUKM _dZCU _dDLC |
||
| 042 | _alccopycat | ||
| 050 | 0 | 0 |
_aHD75.6 _b.S86527 1998 |
| 082 | 0 | 0 |
_a307.1/216 _221 |
| 245 | 0 | 0 |
_aSustainable development and the future of cities / _cedited by Bernd Hamm, Pandurang K. Muttagi. |
| 260 |
_aLondon : _bIntermediate Technology Publications, _c1998. |
||
| 300 |
_ax, 291 p. : _bill. ; _c25 cm. |
||
| 500 | _a"MOST, UNESCO; Zentrum für europäische Studien." | ||
| 504 | _aIncludes bibliographical references. | ||
| 650 | 0 | _aSustainable development. | |
| 650 | 0 | _aUrban ecology (Sociology) | |
| 650 | 0 |
_aCities and towns _xGrowth _xEnvironmental aspects. |
|
| 650 | 0 | _aCity planning. | |
| 650 | 0 | _aUrban ecology (Sociology) | |
| 700 | 1 | _aHamm, Bernd. | |
| 700 | 1 |
_aMuttagi, P. K. _q(Pandurang Krishna), _d1928- |
|
| 710 | 2 |
_aUniversität Trier. _bZentrum für Europäische Studien. |
|
| 710 | 2 |
_aUnesco. _bManagement of Social Transformations Program. |
|
| 856 | 4 | 2 |
_3Publisher description _uhttp://www.loc.gov/catdir/enhancements/fy1117/99224431-d.html |
| 856 | 4 | 1 |
_3Table of contents only _uhttp://www.loc.gov/catdir/enhancements/fy1117/99224431-t.html |
| 856 | 4 | 2 |
_3Contributor biographical information _uhttp://www.loc.gov/catdir/enhancements/fy1208/99224431-b.html |
| 906 |
_a7 _bcbc _ccopycat _d2 _encip _f19 _gy-gencatlg |
||
| 942 |
_2ddc _cBK |
||